Geography starting in V, with second letters A-Z - Statistics

General Stats
  • This quiz has been taken 9 times
  • The average score is 10 of 26
Answer Stats
2nd letter Clue Answer starting with V % Correct
A City-state located in Rome (11) Vatican City
100%
E South American country (9) Venezuela
88%
I The capital of Lithuania (7) Vilnius
88%
G The airport code of the Spanish city where Celta play (3) VGO
63%
L Russian Pacific port where Vlad the First boards his spaceship (11) Vladivostok
63%
M North London business which sells vapes, mobiles and presents (3) VMG [gifts]
63%
O River of Burkina Faso and Ghana (5) Volta
63%
Q The code for the airport in Vieques, Puerto Rico (3) VQS
63%
U Romanian town where Spock comes from (6) Vulcan
50%
W Jimi Hendrix's effects foot pedal heard in Tanzanian town (5) Vwawa
38%
Y Half-man, half-robot has its head chopped off in Russian town (6) Vyborg
38%
B Indian school which will soon have you moving up (4) VBUP
25%
C Take a tortuous line up hill in Slovakia (6) Vcelin
25%
D Nothing left of love; a closing chord sounds at Czech pond (6) Vdovec
25%
F Universal core at role reversal in Zambian stream (5) Vfuta
25%
H Infrared beam scrambled, a loss replaced by electron initialisation at Kenyan village (8) Vhirembe
25%
N Czech village of first order, reporting of victory year (7) Vnorovy
25%
R Bulgarian city at the start of steppe area (6) Vratsa
25%
T Range of hills in Slovakia reveal a century in which relations are turned against the normal flow (7) Vtáčnik
25%
V Garden of the king, a village in Ukraine (8) Vvedenka
25%
X Affirmative city farm in the Philippines (12) VXY Urban Farm
25%
Z Russian village which the Axis infiltrate in greater numbers (7) Vzmorye
25%
S Television in town of the Czech Republic (6) Vsetín
13%
J MTV presenter at ska concert in German says yes to parking enclosure at Antarctic mountain (15) Vjatskajatoppen
0%
K In Russian town, is there a file of things we do the wrong way? No, we're told, but ultimately find out the answer is yes (8) Vkhodnoy
0%
P A din heard before a Yes vote is called out, a.k.a. Left Yes, trademark of a lake in Uzbekistan (17) Vpadina Ayakalytma
0%
No matching quizzes found
Score Distribution
Percent of People with Each Score
Percentile by Number Answered
Your Score History
You have not taken this quiz